| 000 -LEADER |
| fixed length control field |
01965cam a2200241 a 4500 |
| 020 ## - INTERNATIONAL STANDARD BOOK NUMBER |
| ISBN |
9789251067406 |
| 020 ## - INTERNATIONAL STANDARD BOOK NUMBER |
| ISBN |
9251067406 |
| 040 ## - CATALOGING SOURCE |
| Transcribing agency |
BTCTA |
| 082 04 - DEWEY DECIMAL CLASSIFICATION NUMBER |
| Classification number |
333 BIO 2010 A015 Or. |
| 245 00 - TITLE STATEMENT |
| Title |
Bioenergy and food security : |
| Remainder of title |
the BEFS analytical framework. |
| 260 ## - PUBLICATION, DISTRIBUTION, ETC. (IMPRINT) |
| Place of publication |
Rome : |
| Name of publisher |
Bioenergy and food security Project, Food and Agriculture Organization of the United Nations, |
| Year of publication |
2010. |
| 300 ## - PHYSICAL DESCRIPTION |
| Number of Pages |
x, 91 p. : |
| Other physical details |
ill. (some col.) |
| 490 1# - SERIES STATEMENT |
| Series statement |
Environment and natural resources management working paper, |
| 500 ## - GENERAL NOTE |
| General note |
Series statement corrected by pasted in corrigendum. |
| 520 ## - SUMMARY, ETC. |
| Summary, etc |
"A potent argument for bioenergy development lies in the ability of the sector to unlock agricultural potential by bringing in much needed investments to raise agricultural productivity to spur food security and poverty reduction. This document presents the BEFS Analytical Framework (AF) developed to test this argument. Agriculture lies at the heart of the BEFS AF and allows governments to consider viable pro-poor strategies for bioenergy development. The set of tools within the BEFS AF offers an integrated approach to decision-making that combines the technical viability with the country's prevailing social and economic development objectives. This document explains the rationale and structure of the BEFS AF, provides a general overview of the tools and their application, and illustrates how the analytical information generated assists policy makers in making informed decisions concerning the many varied consequences of bioenergy developments on food security, poverty reduction and agriculture development and economic growth."--Provided by publisher. |
| 650 #0 - SUBJECT ADDED ENTRY--TOPICAL TERM |
| Topical Term |
Biomass energy. |
| 650 #0 - SUBJECT ADDED ENTRY--TOPICAL TERM |
| Topical Term |
Biomass energy |
| 650 #0 - SUBJECT ADDED ENTRY--TOPICAL TERM |
| Topical Term |
Food security. |
| 710 2# - ADDED ENTRY--CORPORATE NAME |
| Corporate name or jurisdiction name as entry element |
Food and Agriculture Organization of the United Nations. |
| 856 41 - ELECTRONIC LOCATION AND ACCESS |
| Uniform Resource Identifier |
http://www.fao.org/docrep/013/i1968e/i1968e.pdf |
| 856 41 - ELECTRONIC LOCATION AND ACCESS |
| Uniform Resource Identifier |
http://www.fao.org/docrep/013/i1968e/i1968e00.htm |
| 942 ## - ADDED ENTRY ELEMENTS (KOHA) |
| Koha item type |
សៀវភៅភាសាអង់គ្លេស |
| 952 ## - LOCATION AND ITEM INFORMATION (KOHA) |
| Withdrawn status [LOCAL, KOHA] |
0 |